| 000 | 00913nam a2200277Ia 4500 | ||
|---|---|---|---|
| 003 | IN-BaIIA | ||
| 008 | 211028s9999 xx s 000 0 eng d | ||
| 020 | _a978-3-540-63986-2 (Print) | ||
| 020 | _a978-3-540-69679-7 (Online) | ||
| 022 | _a0075-8450 (Print) | ||
| 022 | _a1616-6361 (Online) | ||
| 040 | _cIIA Library | ||
| 100 |
_aAratyn, Henrik, ed. _939871 |
||
| 245 | 0 |
_aSupersymmetry and Integrable Models _h[eBook] |
|
| 260 |
_aHeidelberg, Berlin _bSpringer Berlin Heidelberg _c1998 |
||
| 300 | _aOnline resource | ||
| 490 | _aLecture Notes in Physics | ||
| 650 | _a Mathematical Methods in Physics | ||
| 650 | _a Quantum Field Theories, String Theory | ||
| 650 |
_aPhysics _973 |
||
| 700 |
_aImbo, Tom D., ed. _939872 |
||
| 700 |
_aKeung, Wai-Yee, ed. _939873 |
||
| 700 |
_aSukhatme, Uday, ed. _939874 |
||
| 856 |
_uhttp://doi.org/10.1007/BFb0105309 _yClick Here to Access eBook |
||
| 942 | _cEB | ||
| 999 |
_c21571 _d21571 |
||